SOCIAL CONSTRUCTION OF TECHNOLOGICAL SYS (Record no. 22232)

MARC details
000 -LEADER
fixed length control field 00334nam a2200133Ia 4500
008 - FIXED-LENGTH DATA ELEMENTS--GENERAL INFORMATION
fixed length control field 240624s9999 xx 000 0 und d
041 ## - LANGUAGE CODE
Language code of text/sound track or separate title eng
082 ## - DEWEY DECIMAL CLASSIFICATION NUMBER
Classification number 303.483 BIJ
100 ## - MAIN ENTRY--PERSONAL NAME
Personal name BIJKER WIEBE E
245 ## - TITLE STATEMENT
Title SOCIAL CONSTRUCTION OF TECHNOLOGICAL SYS
260 ## - PUBLICATION, DISTRIBUTION, ETC.
Date of publication, distribution, etc. 2012
Place of publication, distribution, etc. technology
Name of publisher, distributor, etc. MIT Press
300 ## - PHYSICAL DESCRIPTION
Extent 432 : p.
365 ## - TRADE PRICE
Currency code
Price amount 28
Holdings
Withdrawn status Lost status Damaged status Not for loan Home library Current library Shelving location Date acquired Source of acquisition Cost, normal purchase price Full call number Barcode Date last seen Copy number Price effective from Koha item type
        IMTN IMTN Rack 6-B 02/10/2014 TB 30.00 303.483 BIJ 22232 06/24/2024 65.4 06/24/2024 Books
Designed & Maintained by: LRC IMT Nagpur Contact: lrc@imtnag.ac.in© 2024. All Rights Reserved.